| 000 | 00000nas 2200000za 4500 |
| 001 | 9.848849 |
| 003 | CaOODSP |
| 005 | 20221107153757 |
| 007 | cr ||||||||||| |
| 008 | 171214d20012003oncar p oss||f0 b0fre|d |
| 022 | |a1704-4316 |
| 040 | |aCaOODSP|bfre |
| 043 | |an-cn-ns |
| 086 | 1 |aNH12-67F-PDF |
| 130 | 0 |aRapport sur les logements locatifs. |pHalifax (En ligne) |
| 210 | 0 |aRapp. logements locat., Halifax |
| 222 | 0|aRapport sur les logements locatifs. Halifax |
| 245 | 10|aRapport sur les logements locatifs. |pHalifax |h[ressource électronique]. |
| 260 | |a[Ottawa] : |bSociété canadienne d'hypothèques et de logement, |c[2001-2003] |
| 310 | |aAnnuel |
| 362 | 1 |aVol. 3, no 1 (oct. 2001)-v. 5, no. 1 (oct. 2003). |
| 500 | |aTitre de départ. |
| 500 | |aPubl. aussi en anglais sous le titre: Rental market report, Halifax CMA. |
| 692 | 07|2gccst|aLogement |
| 692 | 07|2gccst|aTaux |
| 710 | 2 |aSociété canadienne d'hypothèques et de logement. |
| 775 | 08|tRental market report. |w(CaOODSP)9.504559 |
| 785 | 00|tRapport sur le marché locatif. |w(CaOODSP)9.500974 |